Children literature in the elementory school (Record no. 4492)

MARC details
000 -LEADER
fixed length control field 00238nam a22000857a 4500
008 - FIXED-LENGTH DATA ELEMENTS--GENERAL INFORMATION
fixed length control field 161202b xxu||||| |||| 00| 0 eng d
020 ## - INTERNATIONAL STANDARD BOOK NUMBER
International Standard Book Number 0030460867
100 ## - MAIN ENTRY--PERSONAL NAME
9 (RLIN) 1784
Personal name Huck C. S
245 ## - TITLE STATEMENT
Title Children literature in the elementory school
260 ## - PUBLICATION, DISTRIBUTION, ETC. (IMPRINT)
Place of publication, distribution, etc. New york
Name of publisher, distributor, etc. oxford
Date of publication, distribution, etc. 1979
Holdings
Withdrawn status Lost status Source of classification or shelving scheme Damaged status Koha normalized classification for sorting Not for loan Home library Current library Shelving location Date acquired Total Checkouts Full call number Barcode Date last seen Price effective from Koha item type
    Dewey Decimal Classification   HUC_425_000000000000000_B4   Good Samaritan School Library Good Samaritan School Library English 12/02/2016   HUC425 B-4 HUC4819 12/02/2016 12/02/2016 BOOK

Powered by Koha